« Retourner aux résultats de recherche
quatre accords toltèques (Les)
la voie de la liberté personnelle
| Auteur principal: | Miguel Ruiz |
|---|---|
| D'autres auteurs: | Olivier Clerc |
| Support: | Livres |
| Langue: | Francais |
| Publié: |
impr. 2005 Jouvence éd. Genève |
| Genre: |
Documentaire |
| Collection: |
Poches Jouvence |
| Sujets: | |
| Étiquettes: |
Ajouter
Pas de Tags !
|
| LEADER | 00903nam0a2200217 450 | ||
|---|---|---|---|
| 001 | 16821800 | ||
| 010 | |a 2-88353-461-6 |b br. |d 6,5 | ||
| 100 | |a 20060118d2026 u u0frey01 ba | ||
| 101 | 1 | |a fre |c | |
| 102 | |a CH | ||
| 200 | 0 | |a quatre accords toltèques (Les) |e la voie de la liberté personnelle |f don Miguel Ruiz |g traduit de l'américain par Olivier Clerc - avec une préface de Maud Séjournant - traduit de l'américain par Olivier Clerc - avec une préface de Maud Séjournant | |
| 207 | 1 | |a | |
| 210 | |a Genève |c Jouvence éd. |d impr. 2005 | ||
| 215 | |a 1 vol. (119 p.) |c ill., couv. ill. en coul. |d 18 cm | ||
| 225 | 1 | |a Poches Jouvence |v 1 | |
| 676 | |a 170 | ||
| 700 | 0 | |a Ruiz |b Miguel |f 1952-.... |4 70 | |
| 702 | 0 | |a Clerc |b Olivier |f 1961-.... |4 730 | |
| 900 | |a Documentaire | ||
| 901 | |a Accessible au prêt | ||
| 995 | |a Bibliothèque |c Bibliothèque |f 024015891 |h 024015891 |k 170 RUI |o p |q a |r az |e Bibliothèque | ||
